| 000 | 00883nam a22002297a 4500 | ||
|---|---|---|---|
| 999 |
_c10519 _d10519 |
||
| 003 | AR-CdUCM | ||
| 008 | 190401b ||||| |||| 00| 0 spa d | ||
| 040 |
_aMUNICIPALIDAD PROVINCIAL DEL CUSCO _cBIBLIOTECA MUNICIPAL DEL CUSCO |
||
| 041 | _hfre | ||
| 082 |
_23ed. _a301.155 / _bH17 / 1964 |
||
| 100 |
_aHalbwachs, Maurice _926741 |
||
| 245 | _aLas clases sociales / | ||
| 260 |
_aMéxico, D. F : _bFondo de Cultura Económica, _c1964. |
||
| 300 |
_a214 páginas ; _c17 cm. |
||
| 440 |
_aBreviarios del Fondo de Cultura Económica ; _n32 _927431 |
||
| 505 | _aContenido: Nota sobre el libro y el autor -- La civilización tradicional y las clases campesinas -- Los medios urbanos y la civilización industrial -- Conclusión. | ||
| 650 |
_aClases sociales _92411 |
||
| 650 |
_aSociología _9276 |
||
| 700 |
_aAub, Max (traducción) _926743 |
||
| 942 |
_2ddc _cLIBROS |
||
| 945 | _aacv | ||